000 00492nam a2200181Ia 4500
999 _c9790
_d9790
003 OSt
005 20191231103552.0
008 190216s9999||||xx |||||||||||||| ||und||
020 _a0713527161
040 _coclc
082 _a330
_bAND/E
100 _aAnderton, A G
_9936
245 0 _aEconomics : A New Approach /
_cAnderton A G
260 _bBell And Heyaman,
_c1984.
_aLondon:
300 _a313p
650 _aEconomics
942 _cBK
_2ddc
_h330
_iAND/E
_k330
_mAND/E